LEADER 01023nam a2200229 i 4500 001 000000205637 003 CaOOAMICUS 005 20110827000000.0 008 110827s1965 it u000 u ita u 013 $a184375 040 $aSeMil$bita 245 10$aDecadenza medioevale e Rinascimento. 300 $a315 p., [32] p. di tav. 490 0 $aI corvi : collana universale moderna ;$vNumero137. ; 5. della Sezione Illustrata 490 0 $aI corvi. Sez. illustrata ;$v5 700 1 $aGrimberg, Carl,$d<1875-1941>.$0(OLS)http://semarc/name/11237 773 0 $aGrimberg, Carl <1875-1941>$tStoria universale.$dMilano : Dall'Oglio, 1965-1967.$kCorvi$g5$w()25366 830 2$aI corvi ;$vNumero137. ; 5. della Sezione Illustrata.$0(OLS)http://semarc/title/12990 830 2$aI corvi. Sez. illustrata ;$v5.$0(OLS)http://semarc/title/23036 850 $aSeMil 852 $aSeMil$W1$xVenegono$y1$m3V V 139$j156131$B156131$CSeMilBibl$Z2$F167487 $81 996 $6245$aDecadenza medioevale e Rinascimento$9(OLS)http://semarc/title/297588 LEADER 01170nam a2200241 i 4500 001 000000117070 003 CaOOAMICUS 005 20030711000000.0 008 030711s1925 it u000 u ita u 013 $a89759 040 $aSeMil$bita 100 1 $aSanguineti, Luigi.$0(OLS)http://semarc/name/45903 245 13$aIl Beato Antonio Maria Gianelli, Vescovo di Bobbio :$bfondatore delle Figlie di Maria SS. dell'Orto /$cLuigi Sanguineti. 260 $aTorino ; Roma :$bMarietti,$c1925. 300 $aXIX, 571 p., [9] c. di ritr. ;$c23 cm. 500 $aVolume inserito il 11/07/2003 in sosituzione della copia già presente in deposito. - Fondo Card. C.M. Martini. 600 14$aGianelli, Antonio Maria .$0(OLS)http://semarc/subject/10056 850 $aSeMil 852 $aSeMil$W1$xVenegono$y1$m3J III 56$j72470$B72470$CSeMilBibl$Z2$F76094 $81 941 1 $a4 961 $aOmaggio: Martini Card. Carlo Maria 996 $6245$aIl Beato Antonio Maria Gianelli, Vescovo di Bobbio :$bfondatore delle Figlie di Maria SS. dell'Orto$9(OLS)http://semarc/title/171795 996 $6260$aTorino ; Roma :$bMarietti$9(OLS)http://semarc/publisher/32636